Stanovenie všeobecnej hodnoty vybraného podniku porovnávacou metódou diplomová práca

Salvato in:
Dettagli Bibliografici
Autore principale: Čapušková, Lívia
Ente Autore: Fakulta podnikového manažmentu EU. Katedra podnikových financií
Altri autori: Smorada, Marián, 1984-
Natura: Libro
Lingua:slovacco
Pubblicazione: Bratislava 2020
Tags: Aggiungi Tag
Nessun Tag, puoi essere il primo ad aggiungerne!!

MARC

LEADER 00000nbm a2200000 4500
001 0266214
005 20201126093240.6
041 0 |a slo 
044 |a SK 
245 1 0 |a Stanovenie všeobecnej hodnoty vybraného podniku porovnávacou metódou  |b diplomová práca  |c Lívia Čapušková ; školiteľ: Marián Smorada 
264 1 |a Bratislava  |c 2020 
300 |a 62 s. 
100 1 |a Čapušková, Lívia 
700 1 |a Smorada, Marián, 1984- 
710 2 |a Fakulta podnikového manažmentu EU. Katedra podnikových financií